000 00454nam a2200181Ia 4500
003 GCL
008 140319s9999 xx 000 0 eng d
040 _aGCL /
_cGCL
082 0 4 _a652.1
_bCW
100 1 _aGRETTON, JENNY
245 1 0 _aWRITING SUCCESSFULLY IN Science /
_cGRETTON, JENNY
700 1 _aO'CONNOR, MOEVE
260 _a[S.N] :
_bCHOPMAN & HALL ،
_c1993
300 _a229 pp
650 0 4 _aSCIENCE
650 0 4 _aWRITING
942 _2ddc
_cBK
999 _c23403
_d23403